Classifica Marcatori Modena All-Time - Statistics

Statistiche generali
  • Questo quiz è stato fatto 5 volte
  • Il punteggio medio è 2 su 10
Statistiche sulle risposte
Gol Nazione Calciatore % Corretto
42 Uruguay Pablo Granoche
80%
79 Italia Renato Brighenti
60%
52 Italia Salvatore Bruno
40%
55 Italia Alfredo Mazzoni
0%
39 Italia Angelo Piccaluga
0%
38 Italia Antonio Carnevali
0%
44 Italia Luigi Scarascia
0%
35 Italia Oliviero Conti
0%
43 Italia Roberto Bellinazzi
0%
35 Argentina Rubens Merighi
0%
Nessun quiz corrispondente trovato
Distribuzione punteggi
Percentuale di utenti per punteggio
Percentile per numero di risposta
I tuoi punteggi nel tempo
Non hai fatto questo quiz